|
|
|
|
| LEADER |
00000nab#a22000007a#4500 |
| 001 |
arbauad018058 |
| 003 |
AR-BaUAD |
| 005 |
20250711111615.0 |
| 008 |
960325|||||||||###||||||b###|0###a|spa|| |
| 040 |
|
|
|a AR-BaUAD
|c AR-BaUAD
|b spa
|
| 100 |
|
|
|a Baecque, Antoine de
|
| 245 |
|
|
|a Les mots de l'histoire du cinéma :
|b entretien avec Jacques Raucière /
|c Antoine de Baecque;
|
| 300 |
0 |
|
|b fot.
|
| 653 |
|
|
|a CINE
|
| 653 |
|
|
|a HISTORIA
|
| 653 |
|
|
|a FRANCIA
|
| 773 |
0 |
|
|t CAHIERS DU CINEMA
|g no. 496 [nov. 1995], p. 48-54
|
| 942 |
|
|
|c ARTI
|
| 952 |
|
|
|0 0
|1 0
|4 0
|7 0
|9 62978
|a AR-BAuAD
|b AR-BAuAD
|d 2025-07-11
|l 0
|p AAQA018058
|r 2025-07-11 11:16:15
|w 2025-07-11
|y ARTI
|
| 990 |
|
|
|a C199
|b TD
|
| 998 |
|
|
|a AAQ
|b BIBUN76
|
| 999 |
|
|
|c 42651
|d 42651
|